000 00800nam a2200265Ia 4500
003 OSt
005 20220924115805.0
006 a|||||r|||| 00| 0
007 ta
008 220923b |||||||| |||| 00| 0 urd d
020 _a9789350731314 (hbk)
020 _c300
024 _a285281
037 _b4308, 19/11/2014, Kitabi Duniya
_cTextual
040 _aARTS
_cARTS
_burd
041 _2urd
_aurd
082 _aO168,3NHU,IK, Q3
100 _aHussain Mohammad Shahid Au.
_9179598
245 0 _aIktesabat
260 _aDelhi
_bEducational Publishing House India
_c2013
300 _a272+7p.
_ccm.
650 _aURDU FICTION
_93298
942 _hO168,3NHU,IK, Q3
_cTEXL
_2CC
999 _c399902
_d399902